Wszyscy debiutanci w reprezentacji Polski od 2010 roku - Statystyki

Ogólne statystyki
  • Ten quiz został rozwiązany 136 razy
    63 od ostatniego zresetowania
  • Średni wynik to 68 z 125
Statystyki odpowiedzi
Ilość występów Grał m.in. w debiut % Poprawnych
Damian Szymański 18 Wisła Płock, Achmat Grozny, AEK Ateny vs Włochy, 07.09.2018
93%
Jakub Kiwior 26 Żilina, Spezia, Arsenal vs Holandia, 11.06.2022
93%
Jakub Moder 26 Lech Poznań, Odra Opole, Brighton vs Holandia, 04.09.2020
93%
Karol Świderski 34 Jagiellonia Białystok, PAOK Saloniki, Charlotte FC, Hellas vs Andora, 28.03.2021
93%
Nicola Zalewski 21 Roma vs San Marino, 05.09.2011
93%
Sebastian Szymański 36 Legia Warszawa, Dynamo Moskwa, Feyenoord, Fenerbahce vs Austria, 09.09.2019
93%
Adam Buksa 14 Pogoń Szczecin, New England Revolution, Lens, Antalyaspor vs Albania, 02.09.2021
90%
Krzysztof Piątek 30 Genoa, Milan, Hertha Berlin, Fiorentina, Salernitana, Basaksehir vs Irlandia, 11.09.2018
90%
Marcin Bułka 1 Chelsea, PSG, Nice vs Łotwa, 21.11.2023
90%
Arkadiusz Milik 73 Bayer Leverkusen, Ajax, Napoli, Marsylia, Juventus vs RPA, 12.10.2012
88%
Jakub Kamiński 14 Lech Poznań, Wolfsburg vs San Marino, 05.09.2011
88%
Kamil Grabara 1 Aarhus, Kopenhaga vs Walia, 01.06.2022
88%
Tymoteusz Puchacz 14 Lech Poznań, Union Berlin, Panathinaikos, Kaiserslautern, Kiel vs Rosja, 01.06.2021
88%
Jan Bednarek 60 Lech Poznań, Southampton, Aston Villa vs Kazachstan, 04.09.2017
85%
Marcin Kamiński 7 Lech Poznań, Stuttgart, Schalke vs Bośnia i Hercegowina, 16.12.2011
85%
Matty Cash 15 Nottingham Forest, Aston Villa vs Andora, 12.11.2021
85%
Przemysław Frankowski 44 Jagiellonia Białystok, Chicago Fire, Lens vs Nigeria, 23.03.2018
85%
Taras Romanczuk 4 Legionova Legionowo, Jagiellonia Białystok vs Korea Południowa, 27.03.2018
85%
Bartosz Kapustka 14 Cracovia, Leicester City, Freiburg, Legia Warszawa vs Gibraltar, 07.09.2015
83%
Kamil Piątkowski 3 Raków Częstochowa, RB Salzburg, Genk, Granada vs Andora, 28.03.2021
83%
Michał Skóraś 9 Lech Poznań, Club Brugge vs Holandia, 22.09.2022
83%
Piotr Zieliński 93 Udinese, Empoli, Napoli, Inter vs Liechtenstein, 04.06.2013
83%
Bartosz Slisz 11 Zagłębie Lubin, Legia Warszawa, Atlanta United vs San Marino, 05.09.2011
80%
Damian Kądzior 6 Górnik Zabrze, Dinamo Zagrzeb, Eibar, Piast Gliwice vs Irlandia, 11.09.2018
80%
Kamil Glik 103 Palermo, Torino, Monaco, Benevento vs Tajlandia, 20.01.2010
80%
Batłomiej Drągowski 2 Jagiellonia Białystok, Empoli, Fiorentina, Spezia vs Finlandia, 07.10.2020
78%
Jakub Piotrowski 8 Pogoń Szczecin, Genk, Fortuna Dusseldorf, Łudogorec vs Wyspy Owcze, 12.10.2023
78%
Karol Linetty 47 Lech Poznań, Sampdoria, Torino vs Norwegia, 18.01.2014
78%
Krystian Bielik 11 Arsenal, Charlton Athletic, Derby County, Birmingham vs Słowenia, 06.09.2019
78%
Łukasz Skorupski 11 Górnik Zabrze, Roma, Empoli, Bologna vs Macedonia Północna, 14.12.2012
78%
Mateusz Wieteska 4 Legia Warszawa, Clermont, Cagliari vs Belgia, 14.06.2022
78%
Tomasz Kędziora 32 Lech Poznań, Dynamo Kijów, PAOK vs Meksyk, 13,11,2017
78%
Jacek Góralski 21 Jagiellonia Białystok, Łudogorec, Kajrat Ałmaty, Bochum vs Słowenia, 14.11.2016
76%
Kacper Kozłowski 6 Pogoń Szczecin, Saint-Gilloise, Vitesse vs Andora, 28.03.2021
76%
Kamil Jóźwiak 22 Lech Poznań, Derby County, Charlotte FC, Girona vs Słowenia, 19.11.2019
76%
Michał Karbownik 4 Legia Warszawa, Brighton, Olympiakos vs Finlandia, 07.10.2020
76%
Radosław Majecki 1 Legia Warszawa, Monaco, Cercle Brugge vs San Marino, 09.10.2021
76%
Robert Gumny 6 Lech Poznań, Augsburg vs Ukraina, 11.11.2020
76%
Szymon Żurkowski 7 Górnik Zabrze, Fiorentina, Empoli, Spezia vs Szkocja, 24.03.2022
76%
Sebastian Walukiewicz 4 Pogoń Szczecin, Cagliari, Empoli vs Finlandia, 07.10.2020
73%
Adrian Mierzejewski 41 Polonia Warszawa, Trabzonspor, Sydney FC, Chongqikng SWM vs Finlandia, 29.05.2010
71%
Bartosz Bereszyński 56 Legia Warszawa, Sampdoria, Napoli, Empoli vs Liechtenstein, 04.06.2013
71%
Bartosz Białkowski 1 Southampton, Ipswich Town, Millwall vs Nigeria, 23.03.2018
71%
Dawid Kownacki 7 Lech Poznań, Sampdoria, Fortuna Dusseldorf, Werder Brema vs Nigeria, 23.03.2018
71%
Patryk Peda 3 SPAL vs Wyspy Owcze, 12.10.2023
71%
Kacper Urbański 5 Lechia Gdańsk, Bologna vs Ukraina, 07.06.2024
68%
Thiago Cionek 21 Jagiellonia Białystok, Modena, Palermo, SPAL vs Niemcy 13.05.2014
68%
Bartosz Salamon 15 Brescia, Milan, Cagliari, SPAL, Lech Poznań vs San Marino, 26.03.2013
66%
Łukasz Mierzejewski 5 Legia Warszawa, Cracovia, Rijeka vs Dania, 17.01.2010
66%
Łukasz Teodorczyk 19 Lech Poznań, Dynamo Kijów, Anderlecht, Udinese, Vicenza vs Rumunia, 02.02.2013
66%
Mateusz Stępiński 4 Ruch Chorzów, Nantes, Chievo, Hellas vs Rumunia, 02.02.2013
66%
Paweł Wszołek 14 Sampdoria, QPR, Legia Warszawa, Union Berlin vs RPA, 12.10.2012
66%
Przemysław Płacheta 7 Śląsk Wrocław, Norwich, Birmingham vs Ukraina, 11.11.2020
66%
Arkadiusz Reca 15 Wisła Płock, Atalanta, SPAL, Crotone vs Włochy, 07.09.2018
63%
Artur Jędrzejczyk 41 Legia Warszawa, Krasnodar vs Ekwador, 12.10.2010
63%
Kamil Wilczek 3 Piast Gliwice, Carpi, Brondby, Kopenhaga vs Armenia, 11.10.2016
63%
Krzysztof Mączyński 31 Górnik Zabrze, Guizhou Renhe, Wisła Kraków, Legia Warszawa vs Słowacja, 15.11.2013
63%
Michał Helik 7 Cracovia, Barnsley, Huddersfield vs Węgry, 25.03.2021
63%
Łukasz Szukała 17 TSV Monachium, Steaua Bukareszt, Ankaragucu vs Dania, 14.08.2013
61%
Mateusz Klich 41 Cracovia, Wolfsburg, Zwolle, Leeds United, DC United vs Argentyna, 05.06.2011
61%
Paweł Bochniewicz 3 Udinese, Górnik Zabrze, Heerenveen vs Finlandia, 07.10.2020
61%
Paweł Dawidowicz 13 Lechia Gdańsk, Bochum, Palermo, Hellas vs Czechy, 17.11.2015
61%
Rafał Augustyniak 1 Widzew Łódź, Miedź Legnica, Ural vs Anglia, 31.03.2021
61%
Filip Marchwiński 2 Lech Poznań vs Wyspy Owcze, 12.10.2023
56%
Jakub Świerczok 6 Zagłębie Lubin, Łudogorec, Piast Gliwice, Nagoya Grampus vs Urugwaj, 10.11.2017
56%
Mateusz Łęgowski 1 Pogoń Szczecin, Salernitana vs Holandia, 22.09.2022
56%
Patryk Dziczek 2 Piast Gliwice, Lazio, Salernitana vs Wyspy Owcze, 12.10.2023
56%
Rafał Kurzawa 7 Górnik Zabrze, Amiens, Midtjylland, Pogoń Szczecin vs Meksyk, 13,11,2017
56%
Bartłomiej Wdowik 1 Ruch Chorzów, Odra Opole, Jagiellonia vs Łotwa, 21.11.2023
54%
Damien Perquis 14 Troyes, Saint-Etienne, Real Betis, Nottingham Forest vs Niemcy, 06.09.2011
51%
Jakub Kosecki 5 Legia Warszawa, Sandhausen, Śląsk Wrocław, Adana Demirspor vs Macedonia Północna, 14.12.2012
51%
Michał Żyro 4 Legia Warszawa, Wolverhampton, Charlton Athletic, Piast Gliwice vs Niemcy 13.05.2014
51%
Przemysław Tytoń 14 PSV, Elche, Stuttgart vs Finlandia, 29.05.2010
51%
Waldemar Sobota 17 Śląsk Wrocław, Club Brugge, St. Pauli vs Bośnia i Hercegowina, 16.12.2011
51%
Artur Sobiech 13 Hannover , Lechia Gdańsk, Karagumruk vs Finlandia, 29.05.2010
49%
Eugen Polanski 19 Borussia Monchengladbach, Getafe, Mainz, Hoffenheim vs Gruzja, 10.08.2011
49%
Filip Starzyński 4 Ruch Chorzów, Lokeren, Zagłębie Lubin vs Gibraltar, 07.09.2014
49%
Karol Struski 1 Jagiellonia Białystok, Aris Limassol vs Łotwa, 21.11.2023
49%
Rafał Pietrzak 3 Wisła Kraków, Royal Excen Mouscron, Lechia Gdańsk vs Włochy, 07.09.2018
49%
Sebastian Boenisch 14 Schalke, Werder Brema, Bayer Leverkusen vs Ukraina, 04.09.2010
49%
Alan Czerwiński 1 GKS Katowice, Zagłębie Lubin, Lech Poznań vs Finlandia, 07.10.2020
46%
Ariel Borysiuk 12 Kaiserslautern, Lechia Gdańsk, QPR, Sheriff Tyraspol vs WKS, 17.11.2010
46%
Jakub Kałuziński 1 Lechia Gdańsk, Antalyaspor vs Ukraina, 07.06.2024
46%
Jarosław Jach 2 Zagłębie Lubin, Crystal Palace, Sheriff Tyraspol vs Urugwaj, 10.11.2017
46%
Łukasz Broź 3 Widzew Łódź, Legia Warszawa, Śląsk Wrocław vs Macedonia Północna, 14.12.2012
44%
Rafał Wolski 7 Legia Warszawa, Fiorentina, Lechia Gdańsk vs Łotwa, 22.05.2012
44%
Damian Dąbrowski 1 Zagłębie Lubin, Cracovia, Pogoń Szczecin vs Słowenia, 14.11.2016
41%
Dominik Furman 3 Legia Warszawa, Toulouse, Wisła Płock vs Macedonia Północna, 14.12.2012
41%
Maciej Makuszewski 5 Jagiellonia Białystok, Terek Grozny, Lechia Gdańsk, Lech Poznań vs Dania, 01.09.2017
41%
Adam Matuszczyk 21 FC Koln, Eintracht Brunszwik, Zagłębie Lubin vs Finlandia, 29.05.2010
39%
Igor Lewczuk 2 Jagiellonia Białystok, Zawisza Bydgoszcz, Legia Warszawa, Bordeaux vs Norwegia, 18.01.2014
39%
Michał Kucharczyk 9 Legia Warszawa, Ural, Pogoń Szczecin vs Mołdawia, 06.02.2011
39%
Paweł Olkowski 13 Górnik Zabrze, FC Koln, Bolton, Gaziantep vs Słowacja, 15.11.2013
39%
Marcin Robak 9 Konyaspor, Pogoń Szczecin, Lech Poznań, Śląsk Wrocław vs Dania, 17.01.2010
37%
Rafał Leszczyński 1 Dolcan Ząbki, Podbeskidzie Bielsko-Biała vs Norwegia, 18.01.2014
37%
Grzegorz Sandomierski 3 Jagiellonia Białystok, Blackburn Rovers Cracovia, Zawisza Bydgoszcz vs Bośnia i Hercegowina, 10.12.2010
34%
Janusz Gol 8 Amkar Perm, Cracovia, Dinamo Bukareszt vs Tajlandia, 20.01.2010
34%
Michał Masłowski 3 Zawisza Bydgoszcz, Legia Warszawa, Gorica vs Norwegia, 18.01.2014
27%
Tomasz Kupisz 4 Jagiellonia Bialystok, Brescia, Cesena, Salernitana vs Bośnia i Hercegowina, 10.12.2010
27%
Rafał Kosznik 1 Lechia Gdańsk, Omonia Nikozja, Górnik Zabrze vs Słowacja, 15.11.2013
24%
Tomasz Brzyski 7 Polonia Warszawa, Legia Warszawa vs Dania, 17.01.2010
24%
Arkadiusz Piech 4 Ruch Chorzów, Sivasspor, Apollon Limassol, Śląsk Wrocław vs Bośnia i Hercegowina, 16.12.2011
22%
Cezary Wilk 2 Korona Kielce, Wisła Kraków, Deportivo vs Bośnia i Hercegowina, 10.12.2010
22%
Jakub Słowik 1 Jagiellonia Białystok, Pogoń Szczecin, Śląsk Wrocław vs Rumunia, 02.02.2013
22%
Tomasz Nowak 3 Korona Kielce, Górnik Łęczna vs Dania, 17.01.2010
22%
Wojciech Golla 1 Pogoń Szczecin, Nijmegen, Śląsk Wrocław vs Mołdawia, 20.01.2014
22%
Adam Marciniak 2 Górnik Zabrze, Cracovia, Arka Gdynia vs Słowacja, 15.11.2013
20%
Michał Miśkiewicz 1 Milan, Chievo, Wisła Kraków vs Mołdawia, 20.01.2014
20%
Daniel Łukasik 5 Legia Warszawa, Lechia Gdańsk, Ankaragucu vs Macedonia Północna, 14.12.2012
17%
Mateusz Zachara 2 Raków Częstochowa, Górnik Zabrze, Henan Jianye vs Norwegia, 18.01.2014
17%
Jacek Kiełb 2 Korona Kielce, Lech Poznań vs Dania, 17.01.2010
15%
Maciej Wilusz 4 GKS Katowice, Lech Poznań, FK Rostów, Ural vs Norwegia, 18.01.2014
12%
Mateusz Cetnarski 2 GKS Bełchatów, Cracovia vs Serbia 02.06.2010
12%
Michał Gliwa 1 Polonia Warszawa, Zagłębie Lubin, Raków Częstochowa vs Bośnia i Hercegowina, 16.12.2011
12%
Piotr Ćwielong 1 Ruch Chorzów, Śląsk Wrocław, Bochum vs Irlandia, 19.11.2013
12%
Arkadiusz Woźniak 1 Zagłębie Lubin, GKS Katowice vs Bośnia i Hercegowina, 16.12.2011
10%
Dawid Plizga 3 Zagłębie Lubin, Jagiellonia Białystok vs Bośnia i Hercegowina, 10.12.2010
10%
Filip Modelski 1 West Ham, Jagiellonia Białystok, Podbeskidzie vs Bośnia i Hercegowina, 16.12.2011
10%
Hubert Wołąkiewicz 4 Lechia Gdańsk, Lech Poznań, Cracovia vs Ekwador, 12.10.2010
10%
Maciej Jankowski 1 Ruch Chorzów, Piast Gliwice, Arka Gdynia vs Bośnia i Hercegowina, 16.12.2011
10%
Marcin Kikut 2 Amica Wronki, Lech Poznań vs Bośnia i Hercegowina, 10.12.2010
10%
Bartosz Rymaniak 1 Zagłębie Lubin, Cracovia, Korona Kielce vs Macedonia Północna, 14.12.2012
7%
Jakub Tosik 2 Jagiellonia Białystok, Zagłębie Lubin vs Dania, 17.01.2010
7%
Sebastian Małkowski 1 Lechia Gdańsk, Bytovia Bytów vs Litwa, 25.03.2011
5%
Dariusz Pietrasiak 2 KSZO Ostrowiec Świętokrzyski, GKS Bełchatów, Śląsk Wrocław vs Australia, 07.09.2010
2%
Nie znaleziono quizów pasujących do podanych kryteriów
Rozkład punktacji
Procent ludzi z każdym wynikiem
Percentyl według liczby udzielonych odpowiedzi
Twoja historia wyników
Nie rozwiązałeś tego quizu od ostatniego zresetowania